El tallat i el gravat del vidre a l'Escola Massana / Escola Massana, Conservatori Municipal d'Oficis d'Art
Descripción Física:
12, [16] p. : il. ; 25 cm
MARC
| LEADER | 00000nam a2200000Ia 4500 | ||
|---|---|---|---|
| 001 | 16184 | ||
| 003 | BGR | ||
| 005 | 20260324180148.0 | ||
| 008 | 160829s1937 xx 000 0 cat d | ||
| 080 | |a 4231, exp. 77 | ||
| 110 | 1 | |a Escola Massana (Barcelona) |9 70790 | |
| 245 | |a El tallat i el gravat del vidre a l'Escola Massana / Escola Massana, Conservatori Municipal d'Oficis d'Art | ||
| 260 | |a Barcelona : |b l'Escola, |c 1937 | ||
| 300 | |a 12, [16] p. : |b il. ; |c 25 cm | ||
| 490 | |a Quaderns de divulgació dels oficis d'art. Sèrie B ; 1 | ||
| 590 | |a Conté imatges d'obres realitzades pels alumnes amb la descripció en català, castellà i francès | ||
| 650 | |a Escola Massana |9 48216 | ||
| 650 | |a Artesania del vidre |x Barcelona |x Ensenyament |9 48217 | ||
| 901 | |a Arxiu | ||
| 942 | |n 1 |2 udc |c MON | ||
| 952 | |0 0 |1 0 |4 0 |6 4231_EXP_77 |7 1 |9 54401 |a Arxiu |b Arxiu |d 2016-12-01 |l 0 |o 4231, exp. 77 |p 16184 |r 2016-12-01 00:00:00 |w 2016-12-01 |y ARXIU | ||
| 999 | |c 58270 |d 58270 | ||